Govt. of
Madhya Pradesh

सामान्‍य अध्‍ययन पूर्वावलोकन भारतीय राजव्‍यवस्‍था शासन हल प्रश्‍न पत्र - 2023 (Record no. 66126)

MARC details
000 -LEADER
fixed length control field 00549nam a22001097a 4500
082 ## - DEWEY DECIMAL CLASSIFICATION NUMBER
Classification number 320
100 ## - MAIN ENTRY--AUTHOR NAME
Personal name घटना चक्र
245 ## - TITLE STATEMENT
Title सामान्‍य अध्‍ययन पूर्वावलोकन भारतीय राजव्‍यवस्‍था शासन हल प्रश्‍न पत्र - 2023
260 ## - PUBLICATION, DISTRIBUTION, ETC. (IMPRINT)
Place of publication इलाहाबाद
Name of publisher सम सामयिक घटना चक्र
Year of publication 2023
650 ## - SUBJECT ADDED ENTRY--TOPICAL TERM
Topical Term भारतीय राजव्‍यवस्‍था
942 ## - ADDED ENTRY ELEMENTS (KOHA)
Koha item type Hindi Books
Holdings
Withdrawn status Lost status Damaged status Not for loan Home library Current library Date acquired Cost, normal purchase price Full call number Accession Number Price effective from Koha item type
        MACL MACL 20/10/2023 320.00 320 DPI001321 20/10/2023 Hindi Books
        MACL MACL 20/10/2023 320.00 320 DPI001320 20/10/2023 Hindi Books